000 01108cam a22003497a 4500
003 CHAP
005 20220817043815.0
008 971010s1975 r 00010 d
010 _a84984
011 _a85956
020 _a8470312359
035 _a96494
040 _cCHAP
082 _a633.61
_bF33Y
100 0 0 _aFauconnier, R.
_939829
245 1 3 _aLa caña de azúcar
_c/por R. Fauconnier y D. Bassereau
260 _aBarcelona :
_bBlume,
_c1975.
300 _a433 p. :
_bilus.
490 0 _aTécnicas agrícolas y producciones tropicales
500 _aTrad. de : La canne a sucre
590 _aBATCH-UPD
_b10
_c20130110
_lUCH01
_h0421
590 _aBATCH-UPD
_b10
_c20130410
_lUCH01
_h0056
590 _aBATCH-UPD
_b10
_c20130914
_lUCH01
_h0545
590 _aCONVERSION
_b10
_c20130109
_lUCH01
_h1347
650 1 4 _aCaña de azúcar.
700 0 _aBassereau, D.
_910718
830 0 0 _aTécnicas agrícolas y producciones tropicales
_9113531
901 _aBK
905 _aAlejandra Carrasco M.
942 _cLIBRO
949 _a633.61 F33Y
_bBC
_cLIBRO
_d33724000859187
_eLIBRO
_h102032
_i96494
_kDon.
_so
999 _c84984
_d84984